On This Day: February 28th II Quiz Stats

 Plays Quiz Updated Feb 28, 2018

Score 0/7 Timer 03:00
0 Plays Today
Question Answer Wrong Answers
The Bureau of Alcohol, Tobacco and Firearms agents raid the Branch Davidian church near ______, Texas, with a warrant to arrest the group's leader David Koresh.
1993
Waco
89.1%
Lubbock
2.6%
Austin
3.9%
Dallas
2.9%
The Reichstag Fire Decree is passed a day after the Reichstag fire, nullifying many of the key civil liberties of ______ citizens.
1933
German
83.5%
Austrian
11.9%
Danish
2%
Swiss
1.7%
This man resigns as pope of the Catholic Church, becoming the first pope to do so since 1415.
2013
Benedict XVI
78.6%
John Paul II
11.5%
Paul VI
3.6%
Pius XII
4.6%
This nation ends its protectorate over Egypt through a Unilateral Declaration of Independence.
1922
United Kingdom
77.3%
France
12.5%
Spain
6.9%
United States
2.7%
______ police begin an offensive against the Kosovo Liberation Army in Kosovo.
1998
Serbian
74.5%
Romanian
3.2%
Croatian
15.7%
Albanian
5.1%
This American singer-songwriter, best known as the lead singer for the band Train, is born.
1969
Patrick Monahan
56%
Zac Brown
14.2%
Dave Matthews
13.2%
John Mayer
15.3%
Queen Ranavalona III, the last monarch of ______, is deposed by a French military force.
1897
Madagascar
34.7%
Angola
25.9%
Ethiopia
24.7%
Chad
14.5%

You're not logged in!

Compare scores with friends on all Sporcle quizzes.
OR
Log In

Sporcle TV

Today on Sporcle TV


Watch our educational content, quiz creation guides, and fun videos on Sporcle TV.

Show Comments

Extras

Top Quizzes Today


Score Distribution

Your Account Isn't Verified!

In order to create a playlist on Sporcle, you need to verify the email address you used during registration. Go to your Sporcle Settings to finish the process.

Report this User

Report this user for behavior that violates our Community Guidelines.

Details: